000 00451nam a22001337a 4500
040 _cNUST
082 _a200 THE
100 _aHaiqa Munir
_998366
110 _aSupervisor: Dr. Muhammad Zeeshan Mirza
_990707
245 _aTH-SOF-2030-Impact of High-performance Work Systems on Employees’ Behavior with Protean Career Orientation as a Mediator
260 _aISLAMABAD:
_bNUST COLLEGE OF EME,
_c2022.
650 _aMS-EM-20
_992085
942 _2ddc
_cTHE
999 _c591278
_d591278